000 00489nam a2200181Ia 4500
005 20250326123855.0
008 250326s9999 xx 000 0 und d
037 _aTextbook
040 _aFMSL
_beng
_cFMSL
041 _aeng
_2eng
084 _aS4:6 K1
_qFMSL
100 _aGanguli H C
245 0 _aIndustial productivity and motivation
_cGanguli H C
260 _aNew Delhi
_bNew Delhi, Asia
_c1961
300 _a92p
942 _cTB
_hS4:6 K1
999 _c1271292
_d1271292